|
|
|
|
| LEADER |
00000cam a2200000 7i4500 |
| 001 |
0000001928 |
| 005 |
20020516.0 |
| 020 |
0 |
0 |
|a 9678908751
|
| 090 |
0 |
0 |
|a R343.59509944
|b MAL 2001
|
| 110 |
1 |
0 |
|a MALAYSIA
|
| 245 |
1 |
0 |
|a Cyber Laws of Malaysia :
|b contains : Digital Signature Act 1997 (Act 562), Computer Crimes Act 1997 (Act 563), Telemedicine Act 1997, (Act 564) (as at 5th January 2001)
|c ompiled by Legal Research Board
|
| 260 |
0 |
0 |
|a Petaling Jaya, Selangor :
|b International Law Book Services ,
|c 2001
|
| 300 |
|
|
|a 79 p. ;
|c 24 cm.
|
| 440 |
0 |
0 |
|a Laws of Malaysia
|
| 650 |
0 |
0 |
|a Computer crimes
|x Law and legislation
|z Malaysia
|
| 650 |
0 |
0 |
|a Computer networks
|x Law and legislation
|z Malaysia
|
| 650 |
0 |
0 |
|a Medical telematics
|x Law and legislation
|z Malaysia
|
| 710 |
1 |
1 |
|a Malaysia
|t Akta Jenayah Komputer, 1997 (Akta 563)
|
| 710 |
1 |
1 |
|a Malaysia
|t Akta Tandatangan Digital, 1997 (Akta 562)
|
| 710 |
1 |
1 |
|a Malaysia
|t Akta Telemedicine, 1997 (Akta 564)
|
| 998 |
|
|
|a JPSM
|
| 999 |
|
|
|a 0000003079
|b Monograph
|c Reference
|e Default branch
|